El funcionamiento del estado autonómico (Registro nro. 312923)

Detalles MARC
000 -ENCABEZADO
Número de control [NR] 00658 a2200169 4500
005 - FECHA Y HORA DE LA ÚLTIMA TRANSACCIÓN
control field 20190806102646.0
008 - DE LONGITUD FIJA DE DATOS DE ELEMENTOS - INFORMACIÓN GENERAL
Elementos de longitud fija [NR] 190605b1999 sp ||||| |||| 00| 0 spa d
020 ## - NUMERO INTERNACIONAL NORMALIZADO PARA LIBROS [R]
Número Internacional Normalizado del libro [NR] 9788470886904
040 ## - FUENTE DE CATALOGACION [NR]
Agencia de catalogación original [NR] CO-BoUCM
Idioma de catalogación [NR] spa
Quien Cataloga Oscar Ávila (modificó)
Quien Clasifica Oscar Ávila (modificó)
041 0# - CODIGO DE IDIOMA [R]
Código de idioma para texto/pista de sonido o título separado [R] Español
110 2# - ASIENTO PRINCIPAL--NOMBRE CORPORATIVO [NR]
Nombre corporativo o de jurisdicción como elemento de entrada [NR] Ministerio de Administraciones Públicas
ID de autoridad 96946
245 13 - MENCION DE TITULO [NR]
Título [NR] El funcionamiento del estado autonómico
Mención de responsabilidad, etc. [NR] Ministerio de Administraciones Públicas
260 ## - PUBLICACION, DISTRIBUCION, ETC. (PIE DE IMPRENTA) [R]
Nombre del editor, distribuidor, etc. [R] Ministerio de Administraciones Públicas
Fecha de publicación, distribución, etc. [R] 1999
Lugar de publicación, distribución, etc. [R] Madrid
Fecha de fabricación [R] 1999
650 #7 - ASIENTO SECUNDARIO DE MATERIA - TERMINO TEMATICO [R]
9 (RLIN) 16485
Término temático o nombre geográfico como elemento de entrada [NR] Gobierno y administración
942 ## - ELEMENTOS DE ENTRADA AGREGADOS (KOHA)
Tipo de ítem principal el descrito en 300a Libro
Sistema de clasificación DEWEY
Tema principal [No clasificado]
Edición 1
Clasificación 352
Parte restante de la signatura top. F979m
Título oculto en OPAC No
Existencias
Signatura topográfica Código de barras Última vez visto Ejemplar Costo de reposición Price effective from Tipo de ítem Perdido Sistema de clasificación Dañado No prestable Tipo de ítem específico Suprimido Ubicación habitual Ubicación actual Localización Fecha de creación Proveedor Forma de adquisición Costo
352 F979m 100160983 06/12/2024 Ej.1 26000.00 04/06/2019 Libro   DEWEY     Libro   BodegaJK Claustro Préstamo 2 días después de solicitado 04/06/2019 12 Donación 0.00